| 000 | 00829nam a2200229 a 4500 | ||
|---|---|---|---|
| 001 | 64435 | ||
| 003 | BD-RjUL | ||
| 005 | 20211209081317.0 | ||
| 008 | 170214s2005 bg ||||| |||| 00| 0 eng d | ||
| 035 | _a(BD-RjUL)64565 | ||
| 040 |
_aBD-RjUL _beng _cBD-RjUL |
||
| 041 | _aeng | ||
| 082 |
_223 _a891.44408 _bSEL 2005 |
||
| 245 | 0 | 0 |
_aসেলিম আল দীন রচনাসগ্র / _cসাইমন জাকারিয়া |
| 260 |
_aঢাকা : _bমাওলা ব্রাদার্স, _c২০০৫। |
||
| 300 |
_aখন্ড. ; _c২২ সেমি. |
||
| 505 | _aখন্ড - ১ -- | ||
| 650 |
_aবাংলা সংগ্রহ _vরচনা _9191167 |
||
| 650 |
_aBengali essays _vcollection _9191071 |
||
| 700 |
_aজাকারিয়া, সাইমন _9191168 |
||
| 942 |
_2ddc _cBK |
||
| 999 |
_c64435 _d64435 |
||